000 10807nam a22002657a 4500
001 5184
003 FISKH
005 20241118123112.0
008 241118b cb ||||| |||| 00| 0 eng d
020 _a9780789490834
040 _aFISKH
_beng
_cFISKH
_dFISKH
050 _aQL821.P2
082 _a596.0471
100 _aParker, Steve
245 _aSkeleton /
_cby Steve Parker
250 _aFirst American Edition , 1988
260 _aLondon :
_bDorling Kindersley ;
_c1988 .
300 _a63 pages :
_bcolor illustrations ;
_c29 cm .
490 _aEyewitness Books
520 _aDiscusses the evolution, structure, and function of the human and animal skeletal systems.
650 _aSkeleton
_vJuvenile Literature
700 _aMitchell, Sophie
_eProject editor
942 _2ddc
_cBK
_n0
999 _c5184
_d5184